Colección de las causas más célebres, los mejores modelos de alegatos, acusaciones fiscales, interrogatorios y defensas en lo civil y criminal del foro francés, inglés, español. (Record no. 184432)
[ view plain ]
| 000 -LEADER | |
|---|---|
| campo de control de longitud fija | 00891nam a2200181 i 4500 |
| 001 - NÚMERO DE CONTROL | |
| campo de control | 184432 |
| 003 - IDENTIFICADOR DE NÚMERO DE CONTROL | |
| campo de control | ES-MaACL |
| 005 - FECHA Y HORA DE LA ÚLTIMA TRANSACCIÓN | |
| campo de control | 20230906222208.0 |
| 008 - DATOS DE LONGITUD FIJA--INFORMACIÓN GENERAL | |
| campo de control de longitud fija | 150826s18371842sp |||| | spa d |
| 080 ## - NÚMERO DE LA CLASIFICACIÓN DECIMAL UNIVERSAL | |
| Número de la Clasificación Decimal Universal | 34.096(460) |
| 245 00 - MENCIÓN DEL TÍTULO | |
| Título | Colección de las causas más célebres, los mejores modelos de alegatos, acusaciones fiscales, interrogatorios y defensas en lo civil y criminal del foro francés, inglés, español. |
| Número de parte o sección de la obra | Parte española / |
| Mención de responsabilidad, etc. | por una sociedad literaria de amigos colaboradores. |
| 260 ## - PUBLICACIÓN, DISTRIBUCIÓN, ETC. | |
| Lugar de publicación, distribución, etc. | [S.l.] : |
| Nombre del editor, distribuidor, etc. | [s.n.], |
| Fecha de publicación, distribución, etc. | 1837-1842 ( |
| Lugar de fabricación/manufactura | Barcelona : |
| Fabricante | Imp. de Ignacio Estivill) |
| 300 ## - DESCRIPCIÓN FÍSICA | |
| Extensión | 3 v. ; |
| Dimensiones | 21 cm. |
| 530 ## - NOTA DISPONIBLE DE FORMULARIO FÍSICO ADICIONAL | |
| Nota de formato físico adicional disponible | Disponible en formato digital. |
| 650 #4 - PUNTO DE ACCESO ADICIONAL DE MATERIA--TÉRMINO DE MATERIA | |
| Término de materia o nombre geográfico como elemento de entrada | Procesos- |
| Subdivisión geográfica | España. |
| 9 (RLIN) | 157314 |
| 852 ## - LOCALIZACIÓN | |
| Ubicación | ES-MaACL |
| Número de control de estantería | G-14380-82 |
| Nota libre | .- Sello de: "Sociedad literaria de amigos colaboradores" |
| 856 ## - LOCALIZACIÓN Y ACCESO ELECTRÓNICOS | |
| Identificador Uniforme de Recursos | <a href="http://bdh-rd.bne.es/viewer.vm?id=0000160118&page=1 ">http://bdh-rd.bne.es/viewer.vm?id=0000160118&page=1 </a> |
| Nota pública | Biblioteca Digital Hispánica |
| Estatus retirado | Estado de pérdida | Estado de daño | No para préstamo | Colección | Biblioteca de origen | Biblioteca actual | Ubicación en estantería | Fecha de adquisición | Fuente de adquisición | Total de préstamos | Signatura topográfica completa | Código de barras | Visto por última vez | Precio de reemplazo | Tipo de ítem Koha |
|---|---|---|---|---|---|---|---|---|---|---|---|---|---|---|---|
| Colección digital | Biblioteca del Ateneo de Madrid | Biblioteca del Ateneo de Madrid | Sala Pecera Planta 3 | 26/08/2015 | G-14381-82 | 1194080 | 23/02/2023 | 23/02/2023 | Libro impreso antiguo |
